000 00884cam a22002897a 4500
003 CHAP
005 20220329133934.0
008 971013s1969 r 00010 d
010 _a12961
011 _a13933
035 _a18006
040 _cCHAP
082 _a574.92
_bG6
100 0 0 _aGoldman, C. R.
_948557
245 0 _aPrimary productivity in aquatic environments
260 _aBerkeley :
_bUniversity of California,
_c1969
300 _a464 p.
_b: grafs.
590 _aBATCH-UPD
_b10
_c20130110
_lUCH01
_h1644
590 _aBATCH-UPD
_b10
_c20130410
_lUCH01
_h1034
590 _aBATCH-UPD
_b10
_c20130914
_lUCH01
_h0642
590 _aCONVERSION
_b10
_c20130109
_lUCH01
_h1308
650 1 4 _aAgua dulce
_xBiologia.
_92423
650 1 4 _aBiologĂ­a marina.
_912815
901 _aBK
942 _cLIBRO
949 _a574.92 G6
_bBC
_cLIBRO
_d33724000476321
_eLIBRO
_h33636
_i18006
_si
_t106.25
999 _c12961
_d12961